ELECTRICAL DESIGN DRAWING & ESTIMATION (Record no. 44759)
[ view plain ]
| 000 -LEADER | |
|---|---|
| fixed length control field | 00407nam a22001577a 4500 |
| 003 - CONTROL NUMBER IDENTIFIER | |
| control field | OSt |
| 005 - DATE AND TIME OF LATEST TRANSACTION | |
| control field | 20240410144942.0 |
| 008 - FIXED-LENGTH DATA ELEMENTS--GENERAL INFORMATION | |
| fixed length control field | 190227b xxu||||| |||| 00| 0 eng d |
| 020 ## - INTERNATIONAL STANDARD BOOK NUMBER | |
| International Standard Book Number | na |
| 040 ## - CATALOGING SOURCE | |
| Transcribing agency | IIMT UNIVERSITY |
| 100 ## - MAIN ENTRY--PERSONAL NAME | |
| Personal name | BIST TARA DATT |
| 245 ## - TITLE STATEMENT | |
| Title | ELECTRICAL DESIGN DRAWING & ESTIMATION |
| 260 ## - PUBLICATION, DISTRIBUTION, ETC. | |
| Place of publication, distribution, etc. | NEW DELHI S.K KATARIA |
| Name of publisher, distributor, etc. | S.K KATARIA PUB |
| Date of publication, distribution, etc. | 26/02/2019 |
| 300 ## - PHYSICAL DESCRIPTION | |
| Extent | 333 |
| 942 ## - ADDED ENTRY ELEMENTS (KOHA) | |
| Source of classification or shelving scheme | |
| Koha item type | Book Bank |
| Edition | 2019 |
| Withdrawn status | Lost status | Source of classification or shelving scheme | Damaged status | Not for loan | Home library | Current library | Date acquired | Source of acquisition | Cost, normal purchase price | Inventory number | Total Checkouts | Barcode | Date last seen | Date last checked out | Uniform Resource Identifier | Price effective from | Koha item type |
|---|---|---|---|---|---|---|---|---|---|---|---|---|---|---|---|---|---|
| IIMT University Central Library Meerut | IIMT University Central Library Meerut | 02/27/2019 | BHARAT BOOK DIST | 350.00 | INO.992 26/02/2019 | 2 | 01-B-128788 | 09/15/2020 | 03/02/2020 | ELECTRICAL ENGINEERING | 02/27/2019 | Book Bank | |||||
| IIMT University Central Library Meerut | IIMT University Central Library Meerut | 02/27/2019 | BHARAT BOOK DIST | 350.00 | INO.992 26/02/2019 | 01-B-128789 | 02/27/2019 | ELECTRICAL ENGINEERING | 02/27/2019 | Book Bank | |||||||
| IIMT University Central Library Meerut | IIMT University Central Library Meerut | 02/27/2019 | BHARAT BOOK DIST | 350.00 | INO.992 26/02/2019 | 5 | 01-B-128790 | 06/18/2024 | 06/07/2024 | ELECTRICAL ENGINEERING | 02/27/2019 | Book Bank |

